Normal view
MARC view
- Lenin, V.I .
Entry Personal Name
001 - CONTROL NUMBER
- control field: 1782
003 - CONTROL NUMBER IDENTIFIER
- control field: OSt
005 - DATE AND TIME OF LATEST TRANSACTION
- control field: 20161014141654.0
008 - FIXED-LENGTH DATA ELEMENTS
- fixed length control field: 161014|| aca||aabn | a|a d
040 ## - CATALOGING SOURCE
- Original cataloging agency: OSt
- Transcribing agency: OSt
100 ## - HEADING--PERSONAL NAME
- Personal name: Lenin, V.I .
670 ## - SOURCE DATA FOUND
- Source citation: Work cat.: (OSt)4938: Lenin, V.I ., Pourastya Desathe Deseeya Vimochana Prastanam / , 1963.
